Mcyt - Statistics

General Stats
  • This quiz has been taken 315 times
  • The average score is 9 of 18
Answer Stats
Hint Answer % Correct
Green blob Dream
97%
Coulorblind George
97%
Child Tommy
96%
Bee Tubbo
94%
Created a nation Wilbur
91%
Fire Sapnap
89%
No swearing Badboyhalo
87%
Diamond Skeppy
74%
Cat Antfrost
51%
Minecart DanTDM
51%
Yellow cat Stampy
51%
Song Captain sparckles
12%
Fire merch Preston playz
10%
Pink Jen
7%
Mods Pat
6%
Jail Lee
2%
Fg Fgtv
0%
Dog Gloom
0%
No matching quizzes found
Score Distribution
Percent of People with Each Score
Percentile by Number Answered
Your Score History
You have not taken this quiz